Journal of Maharashtra Agricultural Universities. Poona. 1976- . (Record no. 22899)

MARC details
000 -LEADER
fixed length control field 01034nas a22002173 4500
001 - CONTROL NUMBER
control field 10702867
008 - FIXED-LENGTH DATA ELEMENTS--GENERAL INFORMATION
fixed length control field 880707u xx u 0 0 0und
010 ## - LIBRARY OF CONGRESS CONTROL NUMBER
LC control number sv 88033970
022 ## - INTERNATIONAL STANDARD SERIAL NUMBER
International Standard Serial Number 0378-2395
082 ## - DEWEY DECIMAL CLASSIFICATION NUMBER
Classification number 630
245 ## - TITLE STATEMENT
Title Journal of Maharashtra Agricultural Universities. Poona. 1976- .
260 ## - PUBLICATION, DISTRIBUTION, ETC. (IMPRINT)
Place of publication, distribution, etc Pune
Name of publisher, distributor, etc College of Agriculture
Date of publication, distribution, etc 2008-
300 ## - PHYSICAL DESCRIPTION
Extent v.
Dimensions 28 cm
310 ## - CURRENT PUBLICATION FREQUENCY
Current publication frequency Irregular
500 ## - GENERAL NOTE
General note Publication of the Mahatma Phule Krishi Vidyapeeth, Rahuri, Dr. Panjabrao Deshmukh Krishi Vidyapeeth, Akola, Maratwada Agricultural University, Parbhani and Dr. Balasaheb Sawant Konkan Vidyapeeth, Dapoli
590 ## - LOCAL NOTE (RLIN)
Local note Decision made by DW 10/5/79. Published jointly with: Punjabrao Krishi Vidyapeeth, Akola; Marathwade Krishi Vidyapeeth, Parbhani; and Konkan Krishi Vidyapeeth, Depoli.
650 ## - SUBJECT ADDED ENTRY--TOPICAL TERM
Topical term or geographic name as entry element Agriculture
906 ## - LOCAL DATA ELEMENT F, LDF (RLIN)
b bbc
c serlocs
d u
e ncip
f 19
g ilsserca
942 ## - ADDED ENTRY ELEMENTS (KOHA)
Source of classification or shelving scheme Dewey Decimal Classification
Item type Periodicals
Classification part 630
Call number suffix JOU
Serial record 1
Holdings
Withdrawn status Lost status Source of classification or shelving scheme Damaged status Not for loan Collection code Home library Current library Date acquired Total Checkouts Full call number Date last seen Price effective from Koha item type
    Dewey Decimal Classification   Not For Loan Non-fiction D.B.Act.Division D.B.Act.Division 03/02/2009   630 JOU 03/02/2009 03/02/2009 Periodicals

© Delhi Public Library
Hit Counter
free hit counter